Dicing with debt (Record no. 68500)

MARC details
000 -LEADER
fixed length control field 01064cam a2200229 4500
001 - CONTROL NUMBER
control field ABS64539
008 - FIXED-LENGTH DATA ELEMENTS--GENERAL INFORMATION
fixed length control field 011005n2001 000 0 eng u
035 ## - SYSTEM CONTROL NUMBER
System control number (Sirsi) u115020
100 ## - MAIN ENTRY--PERSONAL NAME
Personal name Besser, A.
245 ## - TITLE STATEMENT
Title Dicing with debt
260 ## - PUBLICATION, DISTRIBUTION, ETC.
Date of publication, distribution, etc. 2001
490 ## - SERIES STATEMENT
Series statement Property Week
Volume/sequential designation 66(39) 28 September 2001, 82-83(2)
520 ## - SUMMARY, ETC.
Summary, etc. Discusses government's proposals for reform of insolvency law, which were set out in the Insolvency White Paper, published in summer 2001. If enacted these will profoundly change the balance of power between lender and borrower. Large elements of lenders' control over enforcement of their security will be removed. Discusses the government's intentions, and provides a brief history of insolvency legislation, noting how this has affected the structuring of property security.
590 ## - LOCAL NOTE (RLIN)
Local note ABS
650 ## - SUBJECT ADDED ENTRY--TOPICAL TERM
Topical term or geographic name entry element Insolvency
9 (RLIN) 6247
650 ## - SUBJECT ADDED ENTRY--TOPICAL TERM
Topical term or geographic name entry element WHITE PAPER
650 ## - SUBJECT ADDED ENTRY--TOPICAL TERM
Topical term or geographic name entry element REFORM
650 ## - SUBJECT ADDED ENTRY--TOPICAL TERM
Topical term or geographic name entry element PROPERTY LENDERS
650 ## - SUBJECT ADDED ENTRY--TOPICAL TERM
Topical term or geographic name entry element DEBT SECURITISATION
690 ## - LOCAL SUBJECT ADDED ENTRY--TOPICAL TERM (OCLC, RLIN)
Topical term or geographic name as entry element MANAGEMENT-BUSINESS MANAGEMENT-FINANCIAL MANAGEMENT
942 ## - ADDED ENTRY ELEMENTS (KOHA)
Suppress in OPAC 0
Holdings
Withdrawn status Lost status Source of classification or shelving scheme Damaged status Not for loan Home library Current library Shelving location Date acquired Total Checkouts Full call number Barcode Date last seen Copy number Price effective from Koha item type
    Dewey Decimal Classification     London London Journal article 05/10/2001   ABS64539 115020-1001 06/08/2019 1 06/08/2019 Journal article